000 00510nam a2200181Ia 4500
005 20251009114836.0
008 231207s9999 xx 000 0 und d
020 _a9788182900783
040 _cPK-LaNCA
082 _a781.745
_bBHA
100 _aBhalla, Deepti Omchery
245 0 _aVanishing temple arts
_cDeepti Omchery Bhalla
260 _bShubhi Publications
_aHaryana
_c2006
300 _a144p
_bill
546 _aEnglish
650 _aTemple music., Ritualistic music., Dance., Music.
942 _cMUSIC
999 _c27705
_d27705